000 01125cam a22002174a 4500
005 20250605164147.0
008 250528s ||||||||||||||||||||||||d
035 _a19225
020 _a60:8622
040 _aGR-AtMCL
_bgre
_dGR-AtMCL
_eAACR2
245 1 _aA Pictorial Guide to American Gardens
260 _bCrown Publishers,
_c1960
300 _a370
505 0 _aHow to Make this guide Your Travel Companion, Foreword, Acknowledgements, The South, The Deep South, The Southwest, The Pacific Coast, The Mountain States, The Plain States, The Lake States, New England, The Middle Atlantic States, The Far-Flung States, Index of Flowers, Trees and Shrubs, Index of Gardens.
520 _aHow to Make this guide Your Travel Companion, Foreword, Acknowledgements, The South, The Deep South, The Southwest, The Pacific Coast, The Mountain States, The Plain States, The Lake States, New England, The Middle Atlantic States, The Far-Flung States, Index of Flowers, Trees and Shrubs, Index of Gardens.
700 1 _aElliot Jean
_95462
700 1 _aFrohman Louis H
_95463
942 _cBK
999 _c4491
_d4491